000 00329nam a22001457a 4500
003 OSt
008 240120b |||||||| |||| 00| 0 eng d
020 _a9781591842712
100 _aDENNIS,Felix
245 _aHow to Get Rich
250 _a1st Ed
260 _aNew Delhi
_bPenguin Books
_c2006
300 _a292
942 _2ddc
_cBK
999 _c12177
_d12177